[Event "Guernsey Holiday"]
[Site "?"]
[Date "2007.10.24"]
[Round "4"]
[White "Cox, Reginald E"]
[Black "Nalichowski, Bogdan"]
[Result "0-1"]
[WhiteElo "1136"]
[BlackElo "1458"]
[PlyCount "146"]
[EventDate "2007.11.23"]

1. Nf3 Nc6 2. e4 e5 3. Bb5 Nd4 4. Nxd4 exd4 5. d3 Qe7 6. Bc4 Nf6 7. Bg5 h6 8.
Bh4 Qb4+ 9. Nd2 Be7 10. Bxf6 Bxf6 11. Rb1 Bg5 12. a3 Qa5 13. Qe2 O-O 14. Rd1 c6
15. O-O Qb6 16. Bb3 d6 17. Nf3 Bf6 18. Rfe1 Bg4 19. h3 Bh5 20. g4 Bg6 21. Qd2
a5 22. a4 Qd8 23. e5 dxe5 24. Nxe5 Kh7 25. Nxg6 fxg6 26. Re6 Bg5 27. Qe2 Bf4
28. f3 Qh4 29. Qg2 Be3+ 30. Kf1 Rf4 31. Re4 Rf6 32. Ke2 Raf8 33. Rf1 b5 34. g5
Qxg5 35. Qxg5 hxg5 36. axb5 cxb5 37. h4 g4 38. Rxg4 a4 39. Bd5 b4 40. Rh1 a3
41. bxa3 bxa3 42. Ra1 Re8 43. Be4 Rc8 44. Ra2 Rb8 45. h5 Rb2 46. hxg6+ Kh8 47.
Rh4+ Bh6 48. Rxb2 axb2 49. Rh1 Ra6 50. Rb1 Bc1 51. f4 Ra5 52. f5 Kg8 53. Kf3
Ra1 54. Bd5+ Kf8 55. Rxb2 Bxb2 56. Ke4 Ke7 57. Bf7 Kf6 58. Kd5 Rc1 59. Be6 Rxc2
60. Ke4 Rc5 61. Bd5 Rc1 62. Kf3 Rf1+ 63. Ke2 Rxf5 64. Be4 Re5 65. Kf3 Kg5 66.
Kg3 Rxe4 67. dxe4 d3 68. Kf2 Kf4 69. e5 Bxe5 70. Ke1 Bc3+ 71. Kd1 Ke3 72. Kc1
Ke2 73. Kb1 d2 0-1

[Event "Guernsey Holiday"]
[Site "?"]
[Date "2007.10.24"]
[Round "4"]
[White "Foster, James M"]
[Black "Bennett, DW.."]
[Result "1-0"]
[WhiteElo "1432"]
[BlackElo "1112"]
[PlyCount "69"]
[EventDate "2007.11.23"]

1. e4 e6 2. d4 c5 3. Nf3 cxd4 4. Nxd4 Qb6 5. c4 Bc5 6. Be3 Qxb2 7. Nb3 Bxe3 8.
fxe3 Qe5 9. N1d2 Nf6 10. Bd3 O-O 11. c5 Nc6 12. Nc4 Qc3+ 13. Ke2 Qb4 14. a3 Qa4
15. Nb2 Qxb3 16. Qxb3 Na5 17. Qc2 e5 18. Qc3 Nc6 19. Nc4 b6 20. Nxe5 Bb7 21.
cxb6 axb6 22. Nc4 b5 23. Nd6 Ba6 24. e5 Nd5 25. Qb2 Nc7 26. Rhb1 Rfb8 27. Qc2
g6 28. Ne4 Ne6 29. Qc3 Ra7 30. Nf6+ Kg7 31. Nxd7 Rc8 32. Nc5 Nxc5 33. e6+ f6
34. Qxc5 Ne7 35. Qxa7 1-0

[Event "Guernsey Holiday"]
[Site "?"]
[Date "2007.10.24"]
[Round "4"]
[White "Stoop, Michael"]
[Black "Welch, Hazel"]
[Result "0-1"]
[WhiteElo "1056"]
[BlackElo "1368"]
[PlyCount "52"]
[EventDate "2007.11.23"]

1. d4 Nf6 2. Nf3 c5 3. d5 d6 4. c4 e6 5. Nc3 exd5 6. cxd5 g6 7. e4 Bg7 8. Bg5
O-O 9. Be2 Qe8 10. Qd3 Na6 11. a3 Nc7 12. Qe3 a6 13. Bh6 Bd7 14. Bxg7 Kxg7 15.
h4 h5 16. Bd3 b5 17. Kd2 Rb8 18. e5 Nfxd5 19. Nxd5 Nxd5 20. Qg5 c4 21. Be4 Nb6
22. Qf6+ Kg8 23. Qxd6 c3+ 24. Kc2 cxb2 25. Rab1 Qc8+ 26. Kb3 Be6+ 0-1

[Event "Guernsey Holiday"]
[Site "?"]
[Date "2007.10.24"]
[Round "4"]
[White "Foster, Paul"]
[Black "Hoare, Amy"]
[Result "1-0"]
[WhiteElo "1488"]
[BlackElo "904"]
[PlyCount "73"]
[EventDate "2007.11.23"]

1. e4 e5 2. Nf3 Nc6 3. Bc4 Bc5 4. c3 Nf6 5. b4 Bb6 6. d3 d6 7. Bg5 h6 8. Bh4 g5
9. Bg3 Bg4 10. Qb3 Qe7 11. Nbd2 Bh5 12. a4 a6 13. a5 Ba7 14. b5 Nd8 15. bxa6
bxa6 16. Bxa6 Rb8 17. Qa2 Bg6 18. Nc4 Ne6 19. Ne3 O-O 20. Bc4 Nf4 21. Bxf4 exf4
22. Nd5 Nxd5 23. Bxd5 Rb5 24. O-O Kh7 25. Rab1 Rc5 26. Bc4 Ra8 27. Rb7 Bb6 28.
a6 Ba5 29. Qb3 Qf6 30. Nd4 d5 31. exd5 Bxd3 32. Bxd3+ Kg7 33. Nf5+ Kh8 34. Rb8+
Rxb8 35. Qxb8+ Kh7 36. Ne7+ Kg7 37. Qg8# 1-0

[Event "Guernsey Holiday"]
[Site "?"]
[Date "2007.10.24"]
[Round "4"]
[White "Newrick, William R"]
[Black "Lowe, Greg"]
[Result "1-0"]
[WhiteElo "1363"]
[BlackElo "1364"]
[PlyCount "103"]
[EventDate "2007.11.23"]

1. d4 Nf6 2. c4 g6 3. Nf3 Bg7 4. Nc3 O-O 5. e4 d6 6. Be2 e5 7. O-O Nc6 8. Bg5
h6 9. Bxf6 Qxf6 10. Nd5 Qd8 11. dxe5 Nxe5 12. Qc2 c6 13. Ne3 Be6 14. Rad1 Re8
15. Nxe5 Bxe5 16. f4 Bf6 17. f5 Bd7 18. Ng4 Bg5 19. Rxd6 Qe7 20. Rfd1 Red8 21.
f6 Qe8 22. c5 h5 23. Nf2 Bf4 24. R6d3 Be5 25. Rf3 Be6 26. Bc4 Rxd1+ 27. Nxd1
Bg4 28. Rd3 Rd8 29. Rxd8 Qxd8 30. Nf2 Bd4 31. Kf1 Qxf6 32. h3 Be6 33. Bxe6 fxe6
34. b3 Bxf2 35. Qxf2 Qa1+ 36. Qe1 Qxa2 37. Qd1 Qa6+ 38. Kg1 Qa5 39. Kh1 Qxc5
40. Qd7 Qf8 41. Qxe6+ Qf7 42. Qc8+ Kg7 43. Qb8 b5 44. e5 a5 45. Qd6 Qf8 46.
Qd7+ Kh6 47. e6 Qf5 48. Qd2+ g5 49. e7 Qf7 50. Qd6+ Kg7 51. Qe5+ Kg8 52. e8=Q+
1-0

[Event "Guernsey Holiday"]
[Site "?"]
[Date "2007.10.25"]
[Round "5"]
[White "Nalichowski, Seb"]
[Black "Hoogakker, Peter"]
[Result "1-0"]
[WhiteElo "1667"]
[BlackElo "1746"]
[PlyCount "97"]
[EventDate "2007.11.23"]

1. d4 d5 2. Nf3 Nf6 3. g3 c6 4. Bg2 h6 5. b3 Bf5 6. O-O e6 7. Nbd2 Bd6 8. c4
O-O 9. c5 Bc7 10. Bb2 Nbd7 11. b4 a6 12. a3 Re8 13. Nh4 Bh7 14. f4 Ng4 15. Qb3
Ngf6 16. Nhf3 Nf8 17. Ne5 Ng6 18. Ndf3 Ne7 19. h3 Ne4 20. g4 Ng6 21. Nxg6 Bxg6
22. Ne5 Nd2 23. Qc3 Nxf1 24. Nxg6 fxg6 25. Rxf1 Rf8 26. Bc1 Qe7 27. e4 Rf7 28.
e5 Qe8 29. h4 a5 30. Qc2 Rf8 31. g5 h5 32. Bf3 axb4 33. axb4 Ra7 34. Be2 b5 35.
Bd3 Qa8 36. Bxg6 Ra2 37. Qd1 Rf7 38. Qxh5 Kf8 39. Bxf7 Ke7 40. Qg6 Kd8 41. Qxe6
Bb8 42. Qe8+ Kc7 43. e6 Kb7 44. Qd7+ Ka6 45. e7 Bxf4 46. Bxf4 g6 47. e8=Q Qb8
48. Qxc6+ Ka7 49. Qxb8# 1-0

[Event "Guernsey Holiday"]
[Site "?"]
[Date "2007.10.25"]
[Round "5"]
[White "Thompson, Robert"]
[Black "Randall, David C"]
[Result "1-0"]
[WhiteElo "1568"]
[BlackElo "1568"]
[PlyCount "111"]
[EventDate "2007.11.23"]

1. d4 Nf6 2. Bg5 Ne4 3. Bf4 d5 4. f3 Nf6 5. c4 e6 6. Nc3 c6 7. e4 Bb4 8. cxd5
exd5 9. e5 Nfd7 10. a3 Be7 11. Be3 Nb6 12. Qc2 Be6 13. f4 f5 14. Bd3 g6 15. Nf3
Na6 16. b3 Nc7 17. Kf2 Kd7 18. a4 a5 19. Na2 Na6 20. h3 Nb4 21. Nxb4 Bxb4 22.
Rag1 Qe7 23. g4 Raf8 24. Kg3 h6 25. Nh4 Rhg8 26. Nf3 Nc8 27. Nh2 Qh7 28. Kf3
Ne7 29. Nf1 Qf7 30. g5 hxg5 31. Rxg5 Nc8 32. h4 Rh8 33. Ng3 Be7 34. Ne2 Bxg5
35. fxg5 Rh7 36. Nf4 Ne7 37. Qc5 Nc8 38. Qxa5 Rfh8 39. Bf2 Rg7 40. Qc3 Kc7 41.
b4 Qd7 42. b5 Ne7 43. Qa5+ Kb8 44. b6 Nc8 45. Qc5 Re8 46. a5 Qe7 47. Nxe6 Qxe6
48. a6 bxa6 49. Bxa6 Qe7 50. b7 Na7 51. Bg3 Qxc5 52. e6+ Rc7 53. dxc5 Rxe6 54.
h5 gxh5 55. Rxh5 d4 56. Rh8+ 1-0

[Event "Guernsey Holiday"]
[Site "?"]
[Date "2007.10.25"]
[Round "5"]
[White "Palmer, Eric L"]
[Black "Kearsley, Raymond J"]
[Result "1/2-1/2"]
[WhiteElo "1566"]
[BlackElo "1664"]
[PlyCount "31"]
[EventDate "2007.11.23"]

1. e4 d5 2. exd5 Nf6 3. d4 Nxd5 4. c4 Nf6 5. Nc3 g6 6. Nf3 Bg7 7. h3 O-O 8. Be3
c6 9. Be2 Nbd7 10. O-O Re8 11. Qd2 e5 12. dxe5 Nxe5 13. Qxd8 Nxf3+ 14. Bxf3
Rxd8 15. Rad1 Be6 16. Be2 1/2-1/2

[Event "Guernsey Holiday"]
[Site "?"]
[Date "2007.10.25"]
[Round "5"]
[White "Brooker, Chris H"]
[Black "Kok, F.."]
[Result "0-1"]
[WhiteElo "1670"]
[BlackElo "1609"]
[PlyCount "48"]
[EventDate "2007.11.23"]

1. f4 c5 2. b3 e6 3. e3 Be7 4. Nf3 d5 5. Bb2 Bf6 6. c3 a6 7. Bd3 Ne7 8. O-O O-O
9. Bc2 Nbc6 10. d4 cxd4 11. cxd4 b5 12. Nbd2 Bb7 13. Rc1 Qb6 14. Ne5 Nxe5 15.
fxe5 Bg5 16. Rf3 f6 17. exf6 Rxf6 18. Qe2 Raf8 19. Ba3 b4 20. Bb2 Bc6 21. Rxf6
Rxf6 22. Nf3 Bh6 23. Ne5 Bb5 24. Bd3 Bxd3 {White now made an unforced error 
(perhaps Bb2xd3?) and resigned.} 0-1

[Event "Guernsey Holiday"]
[Site "?"]
[Date "2007.10.25"]
[Round "5"]
[White "Gibson, John"]
[Black "Onwezen, Eric"]
[Result "1-0"]
[WhiteElo "1759"]
[BlackElo "1621"]
[PlyCount "71"]
[EventDate "2007.11.23"]

1. d4 d5 2. Nf3 Nf6 3. e3 Bf5 4. c4 c6 5. Qb3 Qc7 6. Nc3 e6 7. Bd2 Nbd7 8. Rc1
Qb6 9. c5 Qxb3 10. axb3 Be7 11. b4 a6 12. Be2 O-O 13. O-O Ne4 14. Ra1 f6 15.
Nxe4 Bxe4 16. Bc3 Bxf3 17. Bxf3 e5 18. Ra2 e4 19. Be2 f5 20. Rfa1 Rab8 21. g3
g5 22. Bxa6 f4 23. Be2 fxe3 24. fxe3 Nf6 25. b5 cxb5 26. b4 h5 27. h3 Ne8 28.
Bxh5 Ng7 29. Bg4 Nf5 30. Bxf5 Rxf5 31. Ra8 Rxa8 32. Rxa8+ Kf7 33. Kg2 Rf3 34.
Bd2 g4 35. hxg4 Bg5 36. Ra7 1-0

[Event "Guernsey Holiday"]
[Site "?"]
[Date "2007.10.25"]
[Round "5"]
[White "Timmerman, Peter"]
[Black "Versmissen, Jorie"]
[Result "0-1"]
[WhiteElo "1589"]
[BlackElo "1759"]
[PlyCount "76"]
[EventDate "2007.11.23"]

1. e4 d5 2. exd5 Qxd5 3. Nc3 Qa5 4. Nf3 Bf5 5. Bb5+ c6 6. Ba4 e6 7. d3 Nf6 8.
Bd2 Qc7 9. h3 Nbd7 10. Qe2 Bc5 11. Nh4 O-O 12. O-O Bxh3 13. Be3 Ng4 14. Nf3
Nxe3 15. fxe3 Bg4 16. d4 Be7 17. Qf2 Nf6 18. e4 Bh5 19. e5 Ng4 20. Qg3 Ne3 21.
Rfe1 Nf5 22. Qf4 Bxf3 23. gxf3 Qd8 24. Ne2 Bg5 25. Qg4 Be3+ 26. Kh2 Bf2 27. Rh1
Qa5 28. Nf4 Bg3+ 29. Kg1 Bxf4 30. Qxf4 Qxa4 31. c3 Qc2 32. Rh2 Qd3 33. Re1 Rad8
34. Rd2 Qc4 35. Rg2 c5 36. Rxg7+ Nxg7 37. Qg5 Qd3 38. Kh2 Qg6 0-1

[Event "Guernsey Holiday"]
[Site "?"]
[Date "2007.10.25"]
[Round "5"]
[White "Paardekam, Rene"]
[Black "Jongerius, M.."]
[Result "1-0"]
[WhiteElo "1754"]
[BlackElo "1592"]
[PlyCount "67"]
[EventDate "2007.11.23"]

1. e4 e5 2. Nf3 Nc6 3. Nc3 Nf6 4. Bb5 a6 5. Bxc6 dxc6 6. d3 Bg4 7. h3 Bxf3 8.
Qxf3 Be7 9. Be3 Bb4 10. Bd2 Nd7 11. O-O Bxc3 12. Bxc3 c5 13. Qg3 Qf6 14. f4
exf4 15. Rxf4 Qg6 16. Rg4 Qc6 17. Rxg7 O-O-O 18. Rf1 f6 19. Bxf6 Rdf8 20. Bc3
Qe6 21. Qg4 Qd6 22. e5 h5 23. Qg5 Qe6 24. Rxf8+ Rxf8 25. Qe7 Qf5 26. Qg5 Qe6
27. Rg6 Qf7 28. e6 Qf2+ 29. Kh2 Nb6 30. Rg8 Nd5 31. Rxf8+ Qxf8 32. Be5 Qe8 33.
Qf5 Ne3 34. Qf7 1-0

[Event "Guernsey Holiday"]
[Site "?"]
[Date "2007.10.25"]
[Round "5"]
[White "Ruigrok, Jacques"]
[Black "Naldrett, Geoffrey W"]
[Result "1/2-1/2"]
[WhiteElo "1709"]
[BlackElo "1520"]
[PlyCount "35"]
[EventDate "2007.11.23"]

1. e4 e5 2. Nf3 Nc6 3. d4 exd4 4. c3 d3 5. Bxd3 Be7 6. O-O d6 7. h3 Nf6 8. Qe2
O-O 9. Bf4 Nd7 10. Bc2 Bf6 11. Nbd2 Re8 12. Rad1 Qe7 13. Rfe1 Nc5 14. Nb3 Nxb3
15. Bxb3 Bf5 16. Bc2 Rad8 17. Qb5 Bc8 18. Nd4 1/2-1/2

[Event "Guernsey Holiday"]
[Site "?"]
[Date "2007.10.25"]
[Round "5"]
[White "Bakkes, Frits"]
[Black "Haisma, Henk"]
[Result "1-0"]
[WhiteElo "1533"]
[BlackElo "1692"]
[PlyCount "41"]
[EventDate "2007.11.23"]

1. d4 d5 2. Nc3 Nf6 3. e4 dxe4 4. f3 exf3 5. Nxf3 g6 6. Bc4 Bg7 7. Ne5 O-O 8.
Bg5 c6 9. Qe2 Qc7 10. O-O-O e6 11. Bxf6 Bxf6 12. h4 Bxe5 13. dxe5 Nd7 14. Rd6
Nb6 15. Ne4 Nxc4 16. Nf6+ Kg7 17. Qxc4 Qa5 18. Qd4 Qxa2 19. b3 Qa5 20. h5 Rh8
21. h6+ 1-0

[Event "Guernsey Holiday"]
[Site "?"]
[Date "2007.10.25"]
[Round "5"]
[White "Baart, Edwin"]
[Black "Van Rooijen, Gerardus C"]
[Result "1-0"]
[WhiteElo "1637"]
[BlackElo "1480"]
[PlyCount "67"]
[EventDate "2007.11.23"]

1. d4 d5 2. c4 e6 3. Nc3 Nf6 4. Bg5 Nbd7 5. e3 c6 6. Nf3 Bb4 7. Bxf6 Nxf6 8.
Qc2 Qa5 9. Bd3 dxc4 10. Bxc4 Bxc3+ 11. bxc3 Nd5 12. Rc1 g6 13. O-O Qc7 14. Bd3
b5 15. Qb3 a5 16. c4 a4 17. Qb2 bxc4 18. Bxc4 Rb8 19. Qa3 Nb6 20. Bb5 Bd7 21.
Ne5 Rc8 22. Qc5 Nd5 23. Nxc6 Qb6 24. Bxa4 Qxc5 25. Rxc5 O-O 26. Ne7+ Nxe7 27.
Bxd7 Rxc5 28. dxc5 Rd8 29. c6 Nd5 30. Rc1 Nb6 31. Rd1 Kf8 32. c7 Ra8 33. Bxe6
fxe6 34. Rd8+ 1-0

[Event "Guernsey Holiday"]
[Site "?"]
[Date "2007.10.25"]
[Round "5"]
[White "Collins, Alan"]
[Black "Finch, J Russell"]
[Result "1/2-1/2"]
[WhiteElo "1504"]
[BlackElo "1706"]
[PlyCount "55"]
[EventDate "2007.11.23"]

1. d4 Nf6 2. c4 g6 3. Nc3 Bg7 4. e4 d6 5. f3 O-O 6. Be3 e5 7. d5 Nh5 8. Bd3 f5
9. Nge2 Nd7 10. b4 Ndf6 11. c5 fxe4 12. Nxe4 Nxe4 13. Bxe4 Qe7 14. Rc1 Bf5 15.
cxd6 cxd6 16. Bxf5 gxf5 17. O-O f4 18. Bf2 Rf7 19. Nc3 Rc8 20. Bxa7 Ng3 21. Re1
Qh4 22. Bf2 Rf6 23. h3 Rg6 24. Bxg3 Qxg3 25. Qe2 Qxh3 26. Ne4 Rf8 27. Qf1 Qh5
28. Kf2 1/2-1/2

[Event "Guernsey Holiday"]
[Site "?"]
[Date "2007.10.25"]
[Round "5"]
[White "Carlucci, Paul A"]
[Black "Silverstein, Ben"]
[Result "1-0"]
[WhiteElo "1704"]
[BlackElo "1464"]
[PlyCount "87"]
[EventDate "2007.11.23"]

1. d4 Nf6 2. Nf3 c5 3. e3 e6 4. Be2 d5 5. O-O Nc6 6. b3 a6 7. Bb2 b5 8. c4 bxc4
9. bxc4 Rb8 10. Ba3 Qa5 11. Bxc5 Bxc5 12. dxc5 Qxc5 13. Nbd2 Bb7 14. Nb3 Qe7
15. c5 Ne4 16. Rc1 O-O 17. Nfd4 a5 18. f3 Nf6 19. Nxc6 Bxc6 20. Nd4 Rfc8 21.
Qc2 Rc7 22. a4 Nd7 23. Nxc6 Rxc6 24. Qa2 Rxc5 25. Qa3 Rb4 26. Bb5 Nb6 27. e4
Nc4 28. Qd3 dxe4 29. fxe4 Rc8 30. Qf3 Qb7 31. Kh1 Ne5 32. Qe2 h6 33. Ba6 Rxc1
34. Bxb7 Rxf1+ 35. Qxf1 Rxb7 36. h3 Rb4 37. Qd1 Rxe4 38. Qd8+ Kh7 39. Qxa5 Nd3
40. Qb5 Nf4 41. a5 Re1+ 42. Kh2 Ra1 43. a6 Ra2 44. Qb1+ 1-0

[Event "Guernsey Holiday"]
[Site "?"]
[Date "2007.10.25"]
[Round "5"]
[White "O'Connor, J.."]
[Black "Foster, James M"]
[Result "0-1"]
[WhiteElo "1591"]
[BlackElo "1432"]
[PlyCount "48"]
[EventDate "2007.11.23"]

1. e4 e6 2. d4 d5 3. exd5 exd5 4. Nf3 Bd6 5. Bd3 Nf6 6. O-O O-O 7. Re1 c6 8.
Bg5 Bg4 9. Nbd2 Nbd7 10. h3 Bh5 11. g4 Bg6 12. Bxg6 fxg6 13. Ne5 Qc7 14. f4
Rae8 15. Qf3 Qb6 16. Nb3 Nxe5 17. fxe5 Bxe5 18. c3 Ne4 19. Qe3 Bg3 20. Rf1 Rf2
21. Rae1 Ref8 22. Qxg3 Rxf1+ 23. Rxf1 Rxf1+ 24. Kxf1 Nxg3+ 0-1

[Event "Guernsey Holiday"]
[Site "?"]
[Date "2007.10.25"]
[Round "5"]
[White "Nalichowski, Bogdan"]
[Black "Carlucci, Frank"]
[Result "1-0"]
[WhiteElo "1458"]
[BlackElo "1552"]
[PlyCount "107"]
[EventDate "2007.11.23"]

1. e4 c5 2. Bc4 e6 3. Nc3 Nc6 4. Nf3 d6 5. h3 Nf6 6. d3 a6 7. a4 Be7 8. O-O b6
9. Re1 Bb7 10. Bd2 O-O 11. Be3 Nd7 12. Qd2 Nde5 13. Qe2 Nxc4 14. dxc4 Bf6 15.
Qd2 Na5 16. Qd3 Qc7 17. Bf4 Rad8 18. Rad1 Be7 19. Ng5 h6 20. Nf3 Nc6 21. Re2
Ne5 22. Bxe5 dxe5 23. Qe3 Rxd1+ 24. Nxd1 Rd8 25. Nc3 Bf6 26. b3 Rd7 27. Rd2 Qd8
28. Rxd7 Qxd7 29. Qd2 Qxd2 30. Nxd2 Bg5 31. Nf3 Bc1 32. Ne2 Bb2 33. Ng3 f6 34.
Ne1 Bd4 35. Kf1 Bc6 36. Nd3 g6 37. f3 f5 38. Nf2 Kf7 39. Nd1 f4 40. Ne2 Ba1 41.
c3 b5 42. cxb5 axb5 43. axb5 Bxb5 44. Ke1 h5 45. g4 Kf6 46. gxh5 gxh5 47. h4
Bd3 48. Kd2 c4 49. b4 Ke7 50. Ng1 Kd6 51. Nh3 Bf1 52. Ng5 Bd3 53. Nf7+ Ke7 54.
Nxe5 1-0

[Event "Guernsey Holiday"]
[Site "?"]
[Date "2007.10.25"]
[Round "5"]
[White "Sivakumar, Athman"]
[Black "Rodrigues, Benedict"]
[Result "1-0"]
[WhiteElo "1528"]
[BlackElo "944"]
[PlyCount "51"]
[EventDate "2007.11.23"]

1. e4 e5 2. Nf3 Nc6 3. Nc3 Nf6 4. d4 exd4 5. Nxd4 Bb4 6. Nxc6 bxc6 7. Bd3 d5 8.
exd5 cxd5 9. O-O O-O 10. Bg5 c6 11. Qf3 Be7 12. Rfe1 Re8 13. h3 h6 14. Bh4 Bb7
15. Re3 d4 16. Bxf6 Bxf6 17. Rxe8+ Qxe8 18. Ne4 Be7 19. Re1 Qd7 20. Bc4 Bf8 21.
Qg3 Qf5 22. Qc7 Re8 23. Nf6+ Qxf6 24. Rxe8 Qg5 25. Qxf7+ Kh7 26. Bd3+ 1-0

[Event "Guernsey Holiday"]
[Site "?"]
[Date "2007.10.25"]
[Round "5"]
[White "Welch, Hazel"]
[Black "Beadle, John R"]
[Result "0-1"]
[WhiteElo "1368"]
[BlackElo "1400"]
[PlyCount "112"]
[EventDate "2007.11.23"]

1. d4 Nf6 2. Nf3 g6 3. c4 Bg7 4. g3 c5 5. e3 O-O 6. Bg2 d6 7. O-O Nbd7 8. Nc3
Re8 9. a3 Nb6 10. Qe2 Be6 11. b3 Qc8 12. Bb2 Bh3 13. Rac1 cxd4 14. Nxd4 Bxg2
15. Kxg2 Nbd7 16. Nd5 Ne5 17. b4 e6 18. Nxf6+ Bxf6 19. c5 d5 20. Nb5 Rd8 21.
Rfd1 Nd7 22. Nd6 Qc7 23. Rd2 Bxb2 24. Rxb2 Nf6 25. Rbc2 Ne8 26. Qb5 Rab8 27.
Qa4 a6 28. Nxe8 Rxe8 29. Qb3 Qc6 30. Kg1 Red8 31. Rd2 b5 32. Qc3 Re8 33. Qe5
Rbd8 34. Rcc2 Rc8 35. Rd4 Qc7 36. Qxc7 Rxc7 37. Rd1 Kf8 38. c6 Rec8 39. Rdc1
Ke7 40. Rc5 Kd6 41. Kf1 Rxc6 42. Rxc6+ Rxc6 43. Rxc6+ Kxc6 44. Ke2 e5 45. f3 f5
46. h3 g5 47. e4 dxe4 48. fxe4 fxe4 49. Kd2 Kd5 50. Kc3 Ke6 51. g4 Kd5 52. Kd2
Kd4 53. Ke2 e3 54. Ke1 Kd3 55. Kd1 e2+ 56. Ke1 Ke3 0-1

[Event "Guernsey Holiday"]
[Site "?"]
[Date "2007.10.25"]
[Round "5"]
[White "Harnden, Terry W"]
[Black "Herschmann, Heinz"]
[Result "1/2-1/2"]
[WhiteElo "1485"]
[BlackElo "1320"]
[PlyCount "46"]
[EventDate "2007.11.23"]

1. e4 e5 2. Nf3 d6 3. Nc3 Be7 4. Bc4 Nf6 5. d3 h6 6. h3 Nc6 7. Be3 a6 8. a3 Bd7
9. Qd2 Be6 10. Bxe6 fxe6 11. O-O-O d5 12. d4 dxe4 13. dxe5 Qxd2+ 14. Nxd2 Nxe5
15. Ndxe4 Kf7 16. Bd4 Nc6 17. Bc5 Rhd8 18. Bxe7 Kxe7 19. Rhe1 b6 20. Nxf6 Kxf6
21. Ne4+ Kf7 22. Rd2 Rxd2 23. Nxd2 Rd8 1/2-1/2

[Event "Guernsey Holiday"]
[Site "?"]
[Date "2007.10.25"]
[Round "5"]
[White "Carrick, Peter"]
[Black "Foster, Paul"]
[Result "0-1"]
[WhiteElo "1304"]
[BlackElo "1488"]
[PlyCount "104"]
[EventDate "2007.11.23"]

1. d4 Nf6 2. Nc3 g6 3. Bg5 Bg7 4. Nf3 b6 5. e4 Bb7 6. e5 Ne4 7. Nxe4 Bxe4 8.
Bd3 Bxd3 9. Qxd3 d6 10. exd6 Qxd6 11. c3 Qe6+ 12. Be3 Nd7 13. O-O O-O 14. Rfe1
Qd6 15. Rad1 Rfd8 16. Qe4 Nf6 17. Qf4 Nh5 18. Qxd6 exd6 19. d5 Re8 20. Nd4 Bxd4
21. Bxd4 f5 22. g3 Kf7 23. Kf1 Nf6 24. Bxf6 Kxf6 25. Rd2 Rxe1+ 26. Kxe1 Re8+
27. Re2 Rxe2+ 28. Kxe2 Ke5 29. Kd3 Kxd5 30. f4 h6 31. b3 a5 32. a3 Kc5 33. Ke3
b5 34. Kd3 Kd5 35. Ke3 c5 36. Kd3 c4+ 37. bxc4+ bxc4+ 38. Ke3 Kc5 39. Kd2 Kb5
40. Kc2 d5 41. Kb2 Kc5 42. Kc2 d4 43. cxd4+ Kxd4 44. Kd2 c3+ 45. Kc2 a4 46. h3
h5 47. h4 Kc4 48. Kc1 Kb3 49. Kb1 Kxa3 50. Kc2 Kb4 51. Kb1 Kb3 52. Kc1 c2 0-1

[Event "Guernsey Holiday"]
[Site "?"]
[Date "2007.10.25"]
[Round "5"]
[White "Newrick, William R"]
[Black "Le Maitre, Richard"]
[Result "1/2-1/2"]
[WhiteElo "1363"]
[BlackElo "1270"]
[PlyCount "59"]
[EventDate "2007.11.23"]

1. d4 Nf6 2. c4 g6 3. Nc3 Bg7 4. Nf3 d6 5. e4 O-O 6. Be2 Bg4 7. h3 Bxf3 8. Bxf3
e5 9. dxe5 dxe5 10. O-O Nc6 11. Qxd8 Raxd8 12. Nd5 Nxd5 13. cxd5 Nd4 14. Be3
Nxf3+ 15. gxf3 b6 16. Rac1 Rd7 17. Rc6 Rc8 18. b4 Bf8 19. a3 Rd6 20. Rfc1 Rxc6
21. Rxc6 Bd6 22. Kg2 Rf8 23. Bh6 Re8 24. Kf1 f6 25. Ke2 Re7 26. Kd3 Rf7 27. Be3
f5 28. Rc1 f4 29. Bd2 g5 30. Rh1 1/2-1/2

[Event "Guernsey Holiday"]
[Site "?"]
[Date "2007.10.25"]
[Round "5"]
[White "Cox, Reginald E"]
[Black "Cox, John"]
[Result "0-1"]
[WhiteElo "1136"]
[BlackElo "1460"]
[PlyCount "74"]
[EventDate "2007.11.23"]

1. Nf3 Nf6 2. d4 e6 3. c4 Bb4+ 4. Bd2 Qe7 5. a3 Bxd2+ 6. Nbxd2 d5 7. e3 O-O 8.
c5 Nbd7 9. Be2 Re8 10. O-O e5 11. dxe5 Nxe5 12. b4 Bf5 13. Nxe5 Qxe5 14. Nf3
Qe7 15. Nh4 Bg6 16. Nxg6 hxg6 17. Bf3 c6 18. Re1 Rad8 19. Qa4 a6 20. Rad1 Ne4
21. Bxe4 dxe4 22. Rxd8 Rxd8 23. Rd1 Rd7 24. Qc2 Kf8 25. Rd4 f5 26. Qd2 Rxd4 27.
Qxd4 Kf7 28. Qc4+ Qe6 29. Qxe6+ Kxe6 30. Kf1 Kd5 31. f3 Kc4 32. fxe4 fxe4 33.
g4 g5 34. Kf2 Kb3 35. h4 gxh4 36. Kg2 g5 37. b5 axb5 0-1

[Event "Guernsey Holiday"]
[Site "?"]
[Date "2007.10.25"]
[Round "5"]
[White "Ainscow, Faye"]
[Black "Stoop, Michael"]
[Result "1-0"]
[WhiteElo "1336"]
[BlackElo "1056"]
[PlyCount "111"]
[EventDate "2007.11.23"]

1. e4 d5 2. e5 Nc6 3. d4 Bf5 4. c3 f6 5. f4 Qd7 6. Nf3 e6 7. Bd3 Nh6 8. O-O Be7
9. b3 O-O-O 10. a4 Na5 11. Bxf5 Nxf5 12. Na3 a6 13. b4 Nc4 14. Nxc4 dxc4 15.
Qe2 Qd5 16. g4 Nh6 17. Nd2 g5 18. h3 gxf4 19. Qxc4 Rdg8 20. Qxd5 exd5 21. exf6
Bxf6 22. Rxf4 Bg5 23. Rf3 Re8 24. Nf1 Re1 25. Bxg5 Rxa1 26. Bxh6 Re8 27. a5
Ree1 28. Kg2 b6 29. axb6 cxb6 30. Ne3 Kd7 31. Nxd5 Kc6 32. Nf6 Ra2+ 33. Kg3 Kb5
34. d5 Kc4 35. Kh4 Rc2 36. d6 Rxc3 37. Rf4+ Kb3 38. d7 Rd1 39. Kg5 Rxh3 40. Bf8
Rhd3 41. Kh6 Rxd7 42. Nxd7 Rxd7 43. g5 Rc7 44. Rf6 Rb7 45. Rc6 a5 46. bxa5 bxa5
47. Ra6 a4 48. Bg7 Rb5 49. Bf6 a3 50. Kxh7 a2 51. g6 Rh5+ 52. Kg7 Rh2 53. Kf7
Kc4 54. g7 Rh7 55. Kg6 Rh2 56. g8=Q+ 1-0

[Event "Guernsey Holiday"]
[Site "?"]
[Date "2007.10.25"]
[Round "5"]
[White "Bennett, DW.."]
[Black "Cox, Marian"]
[Result "1-0"]
[WhiteElo "1112"]
[BlackElo "1200"]
[PlyCount "67"]
[EventDate "2007.11.23"]

1. Nf3 b6 2. d4 Bb7 3. Nbd2 d5 4. g3 e6 5. Bg2 c5 6. c4 cxd4 7. Nxd4 Bc5 8.
Qa4+ Ke7 9. e3 Bxd4 10. exd4 Qd6 11. O-O Bc6 12. Qc2 Nf6 13. Nf3 Nbd7 14. Bf4
Qb4 15. b3 Kd8 16. Be5 Qe7 17. Rac1 Nxe5 18. Nxe5 Bb7 19. c5 Rc8 20. b4 Ne8 21.
Rfe1 f6 22. Ng4 h5 23. Ne3 Nc7 24. Bh3 Qf7 25. Nf1 h4 26. Bg4 f5 27. Be2 Qf6
28. Qd2 Bc6 29. cxb6 Nb5 30. Bxb5 Bxb5 31. Rxc8+ Kxc8 32. Qc2+ Kb7 33. Qc7+ Ka6
34. Qxa7# 1-0

[Event "Guernsey Holiday"]
[Site "?"]
[Date "2007.10.25"]
[Round "5"]
[White "Brown, Jim"]
[Black "Hoare, Amy"]
[Result "1/2-1/2"]
[WhiteElo "1144"]
[BlackElo "904"]
[PlyCount "73"]
[EventDate "2007.11.23"]

1. Nf3 d5 2. d4 e6 3. e3 Nf6 4. Be2 Be7 5. O-O O-O 6. Nbd2 Nbd7 7. b3 c5 8. c3
a6 9. Bb2 b5 10. a3 Bb7 11. Rc1 Qb6 12. b4 c4 13. Ra1 a5 14. h3 Rfc8 15. Re1
axb4 16. axb4 Rxa1 17. Qxa1 Ra8 18. Qb1 Qa6 19. Qa1 Qxa1 20. Rxa1 Rxa1+ 21.
Bxa1 Bd6 22. Bb2 e5 23. dxe5 Nxe5 24. Nxe5 Bxe5 25. f4 Bd6 26. Bf3 Bc8 27. g4
Bb7 28. Kf2 Ne4+ 29. Nxe4 dxe4 30. Be2 Be7 31. Kg3 g6 32. g5 Bc8 33. h4 f5 34.
Bc1 Kg7 35. Bd2 h6 36. Be1 h5 37. Bd2 1/2-1/2

[Event "Guernsey Holiday"]
[Site "?"]
[Date "2007.10.26"]
[Round "6"]
[White "Thompson, Robert"]
[Black "Nalichowski, Seb"]
[Result "1-0"]
[WhiteElo "1568"]
[BlackElo "1667"]
[PlyCount "93"]
[EventDate "2007.11.23"]

1. d4 e6 2. Nf3 Nf6 3. Bg5 h6 4. Bxf6 Qxf6 5. e4 c5 6. Nc3 a6 7. Bd3 cxd4 8. e5
Qd8 9. Nxd4 Nc6 10. Nxc6 dxc6 11. Qg4 Qg5 12. Qd4 Qd8 13. Qe4 Qc7 14. O-O-O Bd7
15. f4 g5 16. fxg5 hxg5 17. Rhf1 O-O-O 18. Rxf7 Rxh2 19. Bc4 Rh4 20. Qd3 Bc5
21. Ne4 Bb6 22. Bxe6 Bxe6 23. Rxc7+ Bxc7 24. Nd6+ Kb8 25. Qg6 Bd5 26. Qxg5 Rdh8
27. b3 R4h5 28. Qg3 Rg8 29. Qf4 Rhg5 30. Qb4 b6 31. c4 Bxg2 32. c5 b5 33. a4 a5
34. Qf4 b4 35. Qf6 Bd5 36. Nc4 Bd8 37. Qf1 Rg3 38. Kb2 Rg2+ 39. Nd2 Bg5 40. Qe1
Bf4 41. e6 R8g3 42. e7 Bf7 43. e8=Q+ Bxe8 44. Qxe8+ Kb7 45. Qf7+ Bc7 46. Kc2
Rg7 47. Qf1 $138 {Time.} 1-0